Score 0/9 Timer 01:00
0 Plays Today
Question Answer Wrong Answers
who is jakes wife erika costell
92.8%
tessa brooks
1.8%
amanda cerny
1.8%
alissa violet
2.4%
what is jakes crew name team 10
88%
jake paulers
9%
disney
1.2%
cartoon network
1.2%
what is jakes mom name pam
86.2%
dee
2.8%
erika
2.1%
amanda
0%
what is jakes most veiwed song with 100+ million veiws its everyday bro
84.9%
ohio fried chicken
2.4%
f*uck jake paule
4.8%
that aint on the news
0.6%
how old is jake 21
82.5%
22
10.8%
19
5.4%
17
1.2%
what is jakes fanbase called jake paulers
82.5%
team 10
10.2%
logang
2.4%
210ers
0.6%
who is jakes favorite nba team cleveland
71.7%
clippers
6.6%
lakers
15.7%
warriors
4.8%
who is jake going to fight ksi
66.9%
faze banks
12.4%
rice gum
6.2%
logan
1.4%
what is jakes favorite birthday present watch
49%
merch blanket
11%
gucci goggles
13.1%
gucci shoes
18.6%

You're not logged in!

Compare scores with friends on all Sporcle quizzes.
OR
Log In

From the Vault

Franchise by Poster Mash-Up

by Sheldon

Aliens? Really? Yes, we're still upset.
Remove Ads.
Support Sporcle.
Get the best of Sporcle when you Go Orange. This ad-free experience offers more features, more stats, and more fun while also helping to support Sporcle. Thank you for becoming a member.

Show Comments

Extras

Created Dec 1, 2017ReportNominate
Tags:jake

Top Quizzes Today


Score Distribution

Your Account Isn't Verified!

In order to create a playlist on Sporcle, you need to verify the email address you used during registration. Go to your Sporcle Settings to finish the process.

Report this User

Report this user for behavior that violates our Community Guidelines.

Details: